Guess the Year - Statistics

General Stats
  • This quiz has been taken 32 times
  • The average score is 11 of 19
Answer Stats
Event Year % Correct
The United Nations is founded right after World War II 1945
89%
The Apollo 11 mission lands the first humans on the Moon 1969
85%
The Wright brothers achieve the first sustained, powered flight 1903
81%
The Titanic sinks during its maiden voyage 1912
81%
The Berlin Wall falls, symbolizing the end of the Cold War 1989
81%
The dog Laika becomes the first living creature to orbit the Earth aboard Sputnik II 1957
78%
A young Liverpool band officially forms under the name The Beatles 1960
78%
The American Declaration of Independence is signed in Philadelphia 1776
74%
The first FIFA World Cup tournament is held, hosted and won by Uruguay 1930
67%
Christopher Columbus first lands in the Americas 1492
59%
The world’s first commercial nuclear power plant begins operation in the Soviet Union 1954
59%
The French Revolution begins with the storming of the Bastille 1789
48%
Napoleon suffers his final defeat at the hands of British-led forces at Waterloo 1815
48%
Alan Turing designs the concept of the automatic computing machine, laying the foundation for modern computers 1936
44%
The first cryptocurrency, Bitcoin, is mined (“the genesis block”) 2009
37%
The printing press is invented by Johannes Gutenberg 1450
22%
The Black Death reaches Europe, causing massive population loss 1347
15%
The world’s first modern public zoo opens to visitors in London 1828
15%
Dutch merchant ships of the VOC leave on their very first expedition to Asia 1595
7%
No matching quizzes found
Score Distribution
Percent of People with Each Score
Percentile by Number Answered
Your Score History
You have not taken this quiz